| 000 | 00654nam a22001937a 4500 | ||
|---|---|---|---|
| 005 | 20161111161242.0 | ||
| 010 | _aENG-116529 | ||
| 020 |
_a9789351509776 _c595.00 |
||
| 035 | _aEN-100061 | ||
| 037 | _bDBAD/PUB | ||
| 082 | _a791.436254 | ||
| 100 | _aMitra, Ananda | ||
| 245 |
_aIndia on the western screen : _cby Ananda Mitra _bimaging a country in filim, and digital media / |
||
| 260 |
_aNew Delhi _bSAGE Publications _c2016 |
||
| 270 |
_aB1/1-1,Mohan Coopertive Industrial Area,Mathura Road _bNew Delhi _e110044 _l- _m- |
||
| 300 |
_a174p. : _bill. _c21cm(pbk) |
||
| 500 | _a includes index | ||
| 942 |
_2ddc _cEN _h791.436254 _mMIT |
||
| 999 |
_c104596 _d104596 |
||